policz do 50 - Statystyki

Ogólne statystyki
  • Ten quiz został rozwiązany 131 razy
  • Średni wynik to 37 z 50
Statystyki odpowiedzi
Hint Odpowiedź % Poprawnych
1 1
100%
2 2
100%
3 3
100%
4 4
99%
5 5
99%
6 6
99%
7 7
99%
8 8
99%
9 9
97%
12 12
94%
11 11
91%
14 14
90%
10 10
88%
13 13
88%
15 15
88%
16 16
85%
21 21
85%
23 23
85%
17 17
84%
18 18
84%
22 22
84%
25 25
84%
19 19
82%
24 24
82%
26 26
82%
28 28
79%
31 31
79%
20 20
78%
27 27
78%
29 29
78%
30 30
72%
32 32
72%
34 34
70%
33 33
66%
35 35
64%
36 36
61%
37 37
58%
39 39
57%
41 41
57%
38 38
55%
40 40
54%
42 42
52%
44 44
46%
43 43
45%
45 45
42%
46 46
37%
47 47
36%
48 48
33%
49 49
33%
50 50
33%
Nie znaleziono quizów pasujących do podanych kryteriów
Rozkład punktacji
Procent ludzi z każdym wynikiem
Percentyl według liczby udzielonych odpowiedzi
Twoja historia wyników
Nie rozwiązałeś tego quizu